Higher stamp duty thresholds would have doubled if linked to house prices (Record no. 82985)

MARC details
000 -LEADER
fixed length control field 00907cad a22002055a 4500
001 - CONTROL NUMBER
control field L152523
008 - FIXED-LENGTH DATA ELEMENTS--GENERAL INFORMATION
fixed length control field 110322e20110316xxk 000 0 eng d
035 ## - SYSTEM CONTROL NUMBER
System control number (Sirsi) u152523
041 0# - LANGUAGE CODE
Language code of text/sound track or separate title eng
110 2# - MAIN ENTRY--CORPORATE NAME
Corporate name or jurisdiction name as entry element Halifax Building Society
9 (RLIN) 1669
245 00 - TITLE STATEMENT
Title Higher stamp duty thresholds would have doubled if linked to house prices
Medium [electronic resource]
490 ## - SERIES STATEMENT
Series statement Halifax Press Release
Volume/sequential designation 16 March 2011
520 ## - SUMMARY, ETC.
Summary, etc. Examines the impact of the stamp duty thresholds over the past ten years using house prices and home sales data from the Land Registry and Halifax. Stamp duty revenue data has been sourced from HMRC.
590 ## - LOCAL NOTE (RLIN)
Local note KA NTK
651 #4 - SUBJECT ADDED ENTRY--GEOGRAPHIC NAME
Geographic name ENGLAND AND WALES
690 ## - LOCAL SUBJECT ADDED ENTRY--TOPICAL TERM (OCLC, RLIN)
Topical term or geographic name as entry element PROPERTY-RESIDENTIAL PROPERTY
690 ## - LOCAL SUBJECT ADDED ENTRY--TOPICAL TERM (OCLC, RLIN)
Topical term or geographic name as entry element PROPERTY-TAXATION
856 40 - ELECTRONIC LOCATION AND ACCESS
Uniform Resource Identifier <a href="https://www.lloydsbankinggroup.com/media/pdfs/2011/STAMPDUTY.pdf">https://www.lloydsbankinggroup.com/media/pdfs/2011/STAMPDUTY.pdf</a>
Public note View this item free of charge at www.lloydsbankinggroup.com
942 ## - ADDED ENTRY ELEMENTS (KOHA)
Suppress in OPAC 0
Holdings
Withdrawn status Lost status Source of classification or shelving scheme Damaged status Not for loan Home library Current library Shelving location Date acquired Total Checkouts Full call number Barcode Date last seen Copy number Price effective from Koha item type
    Dewey Decimal Classification     Virtual Virtual Online 22/03/2011   ONLINE PUBLICATION 152523-2001 06/08/2019 1 06/08/2019 Journal article